| 000 | 00000nam 2200000zi 4500 |
| 001 | 9.944214 |
| 003 | CaOODSP |
| 005 | 20250106110949 |
| 006 | m o d f |
| 007 | cr mn||||||||| |
| 008 | 241017e202412 oncd obs f000 0 fre d |
| 020 | |a9780660740577 |
| 040 | |aCaOODSP|bfre|erda|cCaOODSP |
| 043 | |an-cn--- |
| 086 | 1 |aIN4-77/2024F-PDF |
| 245 | 00|aRégime de retraite de la fonction publique du Canada : |bétude des populations et de la mortalité. |
| 264 | 1|aOttawa (Ontario) : |bBureau du surintendant des institutions financières Canada, Bureau de l'actuaire en chef = Office of the Superintendent of Financial Institutions Canada, Office of the Chief Actuary, |cdécembre 2024. |
| 300 | |a1 ressource en ligne (43 pages) : |bgraphiques |
| 336 | |atexte|btxt|2rdacontent/fre |
| 337 | |ainformatique|bc|2rdamedia/fre |
| 338 | |aressource en ligne|bcr|2rdacarrier/fre |
| 500 | |aPublié aussi en anglais sous le titre : Pension plan for the Public Service of Canada : population and mortality study. |
| 500 | |a« Étude actuarielle no 25. » |
| 504 | |aComprend des références bibliographiques. |
| 520 | |a« Cette étude a été réalisée afin de soutenir la détermination des hypothèses de mortalité du 20e rapport actuariel du Régime de retraite de la Fonction publique du Canada (RRFP) au 31 mars 2023. L’augmentation de l’espérance de vie et la variation des futurs taux d’amélioration de la longévité représentent d’importants risques pour les régimes de retraite à prestations déterminées. La réalisation de cette étude permet de gérer ces risques en comprenant l’évolution de l’expérience du régime afin de déterminer des hypothèses de mortalité appropriées » -- Sommaire, page 6. |
| 650 | 6|aPensions|zCanada|vStatistiques. |
| 650 | 6|aMortalité|zCanada|vStatistiques. |
| 651 | 6|aCanada|xFonctionnaires|xPensions. |
| 655 | 7|aStatistiques|2rvmgf |
| 710 | 1 |aCanada. |bBureau du surintendant des institutions financières Canada. |bBureau de l'actuaire en chef, |eorganisme de publication. |
| 775 | 08|tPension plan for the Public Service of Canada : |w(CaOODSP)9.944213 |
| 856 | 40|qPDF|s12.9 Mo|uhttps://publications.gc.ca/collections/collection_2025/bsif-osfi/IN4-77-2024-fra.pdf |
| 856 | 4 |qHTML|sS.O.|uhttps://www.osfi-bsif.gc.ca/fr/bac/etudes-actuarielles/regime-retraite-fonction-publique-du-canada-etude-populations-mortalite-etude-actuarielle-no-25 |